000 00520nam a22001817a 4500
003 CEME
005 20210628202511.0
008 210121b xxu||||| |||| 00| 0 eng d
020 _a81-7649-454-2
040 _c.
082 _a658.314 DEL
100 _aDell , Twyla
_960182
245 _aMotivation at work ,empowering employees to give their best
260 _aDELHI
_bVIVA BOOKS
_c2005
300 _aVII,97P
650 _aMOTIVATION.MOTIVATING PEOPLE.FIVE STEPS FOR INCRESE PRODUCTIVITY
_960183
942 _cBK
_2ddc
999 _c569979
_d569979